10 Biggest Lakes in the World - Statistics

General Stats
  • This quiz has been taken 81 times
  • The average score is 7 of 10
Answer Stats
Hint Answer % Correct
1. Caspian Sea
90%
5. Lake Michigan
84%
2. Lake Superior
84%
7. Lake Baikal
83%
3. Lake Victoria
83%
4. Lake Huron
78%
6. Lake Tanganyika
57%
9. Lake Malawi
56%
8. Great Bear Lake
54%
10. Great Slave Lake
16%
No matching quizzes found
Score Distribution
Percent of People with Each Score
Percentile by Number Answered
Your Score History
You have not taken this quiz